| 000 | 00518nam a22001697a 4500 | ||
|---|---|---|---|
| 008 | 160701b xxu||||| |||| 00| 0 eng d | ||
| 020 | _a9966994807 | ||
| 050 | _aQA 76 .052 1999 | ||
| 100 |
_aOnunga john _d1999 |
||
| 245 |
_aIntroductin to microcomputers and programming / _hJohn Onunga |
||
| 260 |
_aNairobi: _bMariwa, _c1999. |
||
| 300 |
_avii, 318p. : _bill; _c21cm. |
||
| 500 | _aIncludes index | ||
| 650 | _aMicrocomputers | ||
| 650 | _aProgramming | ||
| 942 |
_2lcc _cSH_L_BOOKS _hQA 76 .052 1999 _03 |
||
| 999 |
_c11225 _d11225 |
||